قصة الخلق أو منابع سفر التكوين / (Record no. 14091)
[ view plain ]
| 000 -LEADER | |
|---|---|
| fixed length control field | 00793nam a22001937a 4500 |
| 008 - FIXED-LENGTH DATA ELEMENTS--GENERAL INFORMATION | |
| fixed length control field | 100615t xxu||||| |||| 00| 0 eng d |
| 082 ## - DEWEY DECIMAL CLASSIFICATION NUMBER | |
| Edition number | 22 |
| Classification number | 272.2 |
| Item number | ق م ن |
| 100 ## - MAIN ENTRY--PERSONAL NAME | |
| 9 (RLIN) | 14781 |
| Personal name | القمنى, سيد |
| 245 ## - TITLE STATEMENT | |
| Title | قصة الخلق أو منابع سفر التكوين / |
| Statement of responsibility, etc | سيد القمنى |
| 260 ## - PUBLICATION, DISTRIBUTION, ETC. (IMPRINT) | |
| Place of publication, distribution, etc | دمشق: |
| Name of publisher, distributor, etc | دار كنعان للدراسات والمشر, |
| Date of publication, distribution, etc | 1994. |
| 300 ## - PHYSICAL DESCRIPTION | |
| Extent | 159 ص: |
| Dimensions | 20 سم. |
| 500 ## - GENERAL NOTE | |
| General note | Donations. |
| 500 ## - GENERAL NOTE | |
| General note | Donated By Dr. Bassem. |
| 650 ## - SUBJECT ADDED ENTRY--TOPICAL TERM | |
| 9 (RLIN) | 14782 |
| Topical term or geographic name as entry element | الديانة اليهودية |
| 650 ## - SUBJECT ADDED ENTRY--TOPICAL TERM | |
| 9 (RLIN) | 14783 |
| Topical term or geographic name as entry element | التوراة |
| 650 ## - SUBJECT ADDED ENTRY--TOPICAL TERM | |
| 9 (RLIN) | 14784 |
| Topical term or geographic name as entry element | العهد القديم |
| 942 ## - ADDED ENTRY ELEMENTS (KOHA) | |
| Source of classification or shelving scheme | Dewey Decimal Classification |
| Item type | Book - Borrowing |
| Withdrawn status | Item status | Source of classification or shelving scheme | Damaged status | Not for loan | Vendor | Home library | Current library | Shelving location | Date acquired | Source of acquisition | Total Checkouts | Full call number | Barcode | Date last seen | Koha item type |
|---|---|---|---|---|---|---|---|---|---|---|---|---|---|---|---|
| Dewey Decimal Classification | Central Library | Central Library | Lower Floor | 15/06/2010 | 272.2 الق | 000020784 | 15/07/2025 | Book - Borrowing |